000 00669nam a2200217 i 4500
001 12503
003 ES-MaACL
005 20230906150328.0
008 921202s1991 sp ||||0| spa d
020 _a84-7232-584-9
080 _a860(72)-992"19"
100 1 _aAzuela, Arturo.
_924373
245 1 3 _aLa mar de utopías /
_cArturo Azuela.
260 _aMadrid :
_bCultura Hispánica :
_bAgencia Española de Cooperación Internacional,
_c[1991]
300 _a197 p ;
_c24 cm.
490 1 _aLiteratura
710 2 _aAgencia Española de Cooperación Internacional.
_91266
830 1 _aLiteratura
_9177860
852 _aES-MaACL
_jL-19704
999 _c12503
_d12503